000 00519nam a2200181Ia 4500
008 090124s9999 xx 000 0 und d
082 _b132912
100 _aराऊत भारतकुमार
245 _a दृष्टिकोन
250 _a1
260 _c2004
300 _a192
600 _aराऊत भारतकुमार
630 _a दृष्टिकोन
700 _aराऊत भारतकुमार
730 _a दृष्टिकोन
942 _cBOOK
999 _c179059
_d179059